000 00923nam a22001577a 4500
003 OSt
005 20150917113205.0
008 150917b xxu||||| |||| 00| 0 eng d
040 _cRUA
082 _aAGR CHH 2005 B031 Or.1
100 _9667
_aCHHOEUN, SEILA.
245 _aEffect of using three king of liquid compost fertilizers on chinese kale crop under green house condition royal university of agriculture ការសិក្សាពីប្រសិទ្ធភាពនៃការប្រើប្រាស់ជីកំប៉ុស្ដទឹកបីប្រភេទទៅលើដំណាំខាត់ណាដើមក្នុងល័ក្ខខ័ណ្ឌផ្ទះពិសោធន៍ប្លាស្ទិចនៅសាកលវិទ្យាល័យភូមិន្ទកសិកម្ម
260 _aPhnom Penh
_bURA
_c2005
300 _axii; 48p.
_bill.
_c29cm.
942 _2ddc
_cAGR
999 _c645
_d645